The Unfriendliest Cities in the World - Statistics

General Stats
  • This quiz has been taken 98 times
  • The average score is 9 of 25
Answer Stats
# Continent Answer % Correct
6 North America New York
92%
5 North America Los Angeles
82%
1 Europe Moscow
75%
15 North America Boston
68%
12 North America Miami
66%
13 North America Washington D.C.
66%
7 North America Philadelphia
63%
11 Asia Beijing
55%
3 Europe St. Petersburg
49%
8 North America Baltimore
44%
9 North America Las Vegas
43%
25 South America Buenos Aires
35%
24 Europe Milan
35%
17 Europe Naples
30%
20 North America St. Louis
25%
4 Europe Marseille
22%
18 North America Cincinnati
20%
14 Europe Frankfurt
16%
22 Europe Nice
16%
16 North America Providence
9%
23 Africa Marrakech
6%
21 Asia Xian
6%
10 Europe Cannes
3%
2 North America Atlantic City
2%
19 North America Fort Lauderdale
2%
No matching quizzes found
Score Distribution
Percent of People with Each Score
Percentile by Number Answered
Your Score History
You have not taken this quiz